Southville International School and Colleges
Your cart is empty.
  • Cart
  • Lists
    Public lists Eva Luna New books Lux_list list_1
    Your lists Log in to create your own lists
  • Log in to your account
  • Your cookies
  • Search history
Southville International School and Colleges
  • Advanced search
  • Recent comments
  • Most popular
  • Libraries

Log in to your account

Log in with GOOGLE


If you do not have an external account, but do have a local account, you can still log in:

  1. Home
  2. MARC view: Travel and tourism marketing /
Normal view MARC view ISBD view

Travel and tourism marketing / (Record no. 21556)

[ view plain ]
MARC details
000 -LEADER
fixed length control field 00611nam a2200217 a 4500
003 - CONTROL NUMBER IDENTIFIER
control field PILC
005 - DATE AND TIME OF LATEST TRANSACTION
control field 20160229141111.0
008 - FIXED-LENGTH DATA ELEMENTS--GENERAL INFORMATION
fixed length control field 060818s19uu xx 00 eng d
020 ## - INTERNATIONAL STANDARD BOOK NUMBER
International Standard Book Number 0538442859
050 ## - LIBRARY OF CONGRESS CALL NUMBER
Classification number G 155.A1
Item number .Oe6 2007
100 ## - MAIN ENTRY--PERSONAL NAME
Personal name Oelkers, Dotty Boen.
245 ## - TITLE STATEMENT
Title Travel and tourism marketing /
Statement of responsibility, etc Dotty Boen Oelkers.
260 ## - PUBLICATION, DISTRIBUTION, ETC. (IMPRINT)
Place of publication, distribution, etc Australia :
Name of publisher, distributor, etc Thomson South-Western,
Date of publication, distribution, etc 2007.
300 ## - PHYSICAL DESCRIPTION
Extent 311 pages :
Other physical details color illustrations ;
Dimensions 28 cm.
500 ## - GENERAL NOTE
General note Includes glossary and index.
650 ## - SUBJECT ADDED ENTRY--TOPICAL TERM
Topical term or geographic name as entry element Tourism.
650 ## - SUBJECT ADDED ENTRY--TOPICAL TERM
Topical term or geographic name as entry element Marketing.
942 ## - ADDED ENTRY ELEMENTS (KOHA)
Koha item type Books
Source of classification or shelving scheme Library of Congress Classification
Call number prefix Foreign
Holdings
Withdrawn status Lost status Source of classification or shelving scheme Damaged status Home library Current library Shelving location Date acquired Source of acquisition Total Checkouts Full call number Barcode Date last seen Copy number Price effective from Koha item type
    Library of Congress Classification   College Library College Library General Circulation Section 01/11/2014 Library Fund   G 155.A1 .Oe6 2007 C7512 05/15/2018 1 01/11/2014 Books
    Library of Congress Classification   College Library College Library General Circulation Section 01/11/2014 Library Fund   G 155.A1 .Oe6 2007 C7501 05/15/2018 2 01/11/2014 Books

Travel and tourism marketing /

APA

Oelkers D. B., . (2007). Travel and tourism marketing. Australia: Thomson South-Western.

Chicago

Oelkers Dotty Boen, . 2007. Travel and tourism marketing. Australia: Thomson South-Western.

Harvard

Oelkers D. B., . (2007). Travel and tourism marketing. Australia: Thomson South-Western.

MLA

Oelkers Dotty Boen, . Travel and tourism marketing. Australia: Thomson South-Western. 2007.

  • Place hold
  • Print
  • Cite
  • Add to your cart (remove)
  • Save record
    BIBTEX Dublin Core MARCXML MARC (non-Unicode/MARC-8) MARC (Unicode/UTF-8) MARC (Unicode/UTF-8, Standard) MODS (XML) RIS
  • More searches
    Search for this title in:
    Other Libraries (WorldCat) Other Databases (Google Scholar) Online Stores (Bookfinder.com) Open Library (openlibrary.org)

Exporting to Dublin Core...

SOUTHVILLE LIBRARY

Southville International School and Colleges Library

1281 Tropical Ave. Cor. Luxembourg St., BF Homes International, Las Pinas City

Tel. No. 8256374 / 252358 Loc. 117/146

Powered by Koha